000 00473nam a22001337a 4500
005 20241010105023.0
008 241010b |||||||| |||| 00| 0 eng d
100 _aSinger, Ann.
_eauthor.
_962687
245 _aAccelerating innovation in education :
_bthe gratitude network /
_cAnn Singer.
260 _aWashington;
_bTaylor & Francis Group,
_cMay-June 2020.
300 _aVolume 96, pages 6-13,
_billustration.
700 _aSinger, Ann.
_eauthor.
_962688
942 _2ddc
_cPER
999 _c22423
_d22423